000 01050cam a2200253 4500
001 J311
008 090401t1989 xxu||||| |||| 00| 0 eng d
035 _a(Sirsi) u74372
041 0 _aeng
050 0 4 _a692.9 $2 18
090 _aJCT 1989/21A
110 2 _aJoint Contracts Tribunal
_93664
245 0 0 _aDomestic Sub-Contract IN/SC
_b Articles of Agreement [and] Sub-Contract Conditions
_bAmendment Four Issued September 1989
_bStandard Method of Measurement SeventhEdition
_bBills of Quantities Prepared in Accordance with SMM7
260 _aLondon
_bBEC
_c1989
300 _a4p.
_c30cm.
350 _a0
490 0 _aConstruction Confederation Domestic Subcontract IN/SC (1985 Edition)
_vAmendment 4
650 2 4 _aCONSTRUCTION CONFEDRATION DOMESTIC SUBCONTRACT IN/SC (1985 EDITION)
650 2 4 _aSTANDARD METHOD OF MEASUREMENT (SEVENTH EDITION)
651 4 _aUnited Kingdom
_y
690 _aBUILT ENVIRONMENT-BUILDING CONTRACT FORMS-STANDARD FORMS OF BUILDING CONTRACT-JOINT CONTRACTS TRIBUNAL CONTRACTS
942 _n0
948 _c04/03/1997
999 _c95823
_d95823